Statistics for Famous Vegetarians - Picture Quiz

Click here to take the quiz!

General Stats

  • This quiz has been taken 116 times
  • The average score is 9 of 15

Answer Stats

Answer% Correct
Michael Jackson
96%
Brad Pitt
89%
Ellen DeGeneres
79%
Danny DeVito
73%
Anne Hathaway
68%
Sia
63%
Tobey Maguire
58%
Sinéad O'Connor
56%
Liam Hemsworth
52%
Betty White
51%
Alanis Morissette
42%
Olivia Wilde
37%
Alicia Silverstone
36%
Christie Brinkley
32%
Andre 3000
29%

Score Distribution

Percentile by Number Answered

Percent of People with Each Score

Your Score History

You have not taken this quiz